Practical Introduction to Computer Architecture

Computer architecture, which underpins computer science, is a topic in which "getting things done" is paramount: The ability to understand trade-offs before selecting between and implementing well-considered design options is often as important as the study of those options at a more theor...

Πλήρης περιγραφή

Λεπτομέρειες βιβλιογραφικής εγγραφής
Κύριος συγγραφέας: Page, Daniel (Συγγραφέας)
Συγγραφή απο Οργανισμό/Αρχή: SpringerLink (Online service)
Μορφή: Ηλεκτρονική πηγή Ηλ. βιβλίο
Γλώσσα:English
Έκδοση: London : Springer London, 2009.
Έκδοση:1.
Σειρά:Texts in Computer Science,
Θέματα:
Διαθέσιμο Online:Full Text via HEAL-Link
LEADER 05075nam a22005055i 4500
001 978-1-84882-256-6
003 DE-He213
005 20151204182752.0
007 cr nn 008mamaa
008 100301s2009 xxk| s |||| 0|eng d
020 |a 9781848822566  |9 978-1-84882-256-6 
024 7 |a 10.1007/978-1-84882-256-6  |2 doi 
040 |d GrThAP 
050 4 |a QA75.5-76.95 
050 4 |a TK7885-7895 
072 7 |a UK  |2 bicssc 
072 7 |a COM067000  |2 bisacsh 
082 0 4 |a 004  |2 23 
100 1 |a Page, Daniel.  |e author. 
245 1 0 |a Practical Introduction to Computer Architecture  |h [electronic resource] /  |c by Daniel Page. 
250 |a 1. 
264 1 |a London :  |b Springer London,  |c 2009. 
300 |a XXII, 642 p. 162 illus.  |b online resource. 
336 |a text  |b txt  |2 rdacontent 
337 |a computer  |b c  |2 rdamedia 
338 |a online resource  |b cr  |2 rdacarrier 
347 |a text file  |b PDF  |2 rda 
490 1 |a Texts in Computer Science,  |x 1868-0941 
505 0 |a Tools and Techniques -- Mathematical Preliminaries -- Basics of Digital Logic -- Hardware Design Using Verilog -- Processor Design -- A Historical and Functional Perspective -- Basic Processor Design -- Measuring Performance -- Arithmetic and Logic -- Memory and Storage -- Advanced Processor Design -- The Hardware/Software Interface -- Linkers and Assemblers -- Compilers -- Operating Systems -- Efficient Programming -- Appendices -- SPIM: A MIPS32 Simulator. 
520 |a Computer architecture, which underpins computer science, is a topic in which "getting things done" is paramount: The ability to understand trade-offs before selecting between and implementing well-considered design options is often as important as the study of those options at a more theoretical level. This easy-to-follow A Practical Introduction to Computer Architecture blends traditional teaching approaches with the use of mathematics, together with the use of a hardware description language (Verilog) and a concrete processor (MIPS32) as vehicles for "hands-on" modelling and experimenting with digital logic and processor design. This unique approach encourages readers to derive their own conclusions via experimentation, enabling them to discover for themselves the fundamental and exciting topics of computer architecture. The book is divided into three parts, covering each of the three levels of abstraction: the digital logic layer, the instruction set and micro-architecture layer, and the hardware/software interface. The first part deals with the basic tools and techniques which underpin the rest of the book, whereas the second part deals with the broad topic of processor design and implementation. The final part bridges the gap between hardware and software by examining the programming tools and operating-system concepts that support the development and execution of programs. Topics and features: • Includes a wide-ranging introductory chapter, familiarising the reader with both the subject and the book’s contents • Outlines basic methods for evaluating processors, with a focus on performance • Investigates advanced topics in processor design, such as superscalar and vector processors • Presents a detailed description of a development tool-chain • Provides a stand-alone tutorial on using SPIM, a MIPS32 simulator • Focuses on aspects of compilers which are closely tied to the processor, covering register allocation, instruction selection and scheduling • Explores real implementations of concepts such as scheduling and interrupt handling • Examines the concept of efficient programming • Concludes every chapter with a set of example problems, and contains an appendix that discusses solutions • Supplies additional supportive material, such as example source code and electronic lecture slides, at http://www.cs.bris.ac.uk/home/page/teaching/pica.html This practical, reader-friendly textbook has been written with undergraduates in mind, and is suitable for self-study. The book can also be used by postgraduate students as a supportive reference for use in combination with more specialised textbooks. Dr. Dan Page is a lecturer at the University of Bristol, affiliated with both the Languages and Architecture Group and the Cryptography and Information Security Group. He was one of the founders of Identum (now part of Trend Micro), which is involved in delivering cryptographic expertise and products to industrial customers. 
650 0 |a Computer science. 
650 0 |a Computer hardware. 
650 0 |a Arithmetic and logic units, Computer. 
650 0 |a Microprocessors. 
650 1 4 |a Computer Science. 
650 2 4 |a Computer Hardware. 
650 2 4 |a Arithmetic and Logic Structures. 
650 2 4 |a Processor Architectures. 
710 2 |a SpringerLink (Online service) 
773 0 |t Springer eBooks 
776 0 8 |i Printed edition:  |z 9781848822559 
830 0 |a Texts in Computer Science,  |x 1868-0941 
856 4 0 |u http://dx.doi.org/10.1007/978-1-84882-256-6  |z Full Text via HEAL-Link 
912 |a ZDB-2-SCS 
950 |a Computer Science (Springer-11645)